000 00996cam a2200289 4500
008 090401t1995 xxu||||| |||| 00| 0 eng d
020 _a0902167901
035 _a(Sirsi) u71134
041 _aeng
050 _a690.241
110 _aFire Protection Association
_9231
245 _aHeritage under fire: a guide to the protection of historic buildings.
250 _a2nd ed.
260 _aLondon
_bFire Protection Association
_c1995
300 _a112p. : ill. ; 30cm.
350 _a23
520 _aPublished by the Fire Protection Association on behalf of the UK Working Party on Fire Safety in Historic Buildings.
650 _aFIRE PRECAUTIONS
650 _aFIRE PROTECTION
650 _aMANAGEMENT-HEALTH AND SAFETY-FIRE SAFETY
650 _aHISTORIC BUILDINGS
650 _aUK WORKING PARTY ON FIRE SAFETY IN HISTORIC BUILDINGS
690 _aBUILT ENVIRONMENT-BUILDING STANDARDS-FIRE REGULATIONS
700 _aKidd, Stewart
_xEditor
942 _n0
948 _c04/03/1997
999 _c95387
_d95387